Dans la légende - PNL - Statistiques

Statistiques générales
  • Ce quiz a été pris 424 fois
  • Le résultat moyen est 13 sur 18
Statistiques - réponses
N° Track Titre % Correct
1 DA
98%
2 Naha
88%
3 Dans la légende
86%
15 Onizuka
85%
13 Bené
84%
16 Jusqu'au dernier gramme
83%
14 Uranus
77%
7 Kratos
69%
8 Luz de Luna
68%
18 Je t'haine
67%
11 Humain
66%
12 Bambina
63%
5 J'suis QLF
63%
4 Mira
63%
17 Cramés
61%
6 La vie est belle
58%
10 Sheita
57%
9 Tu sais pas
56%
Aucun quiz correspondant
Distribution des résultats
% des personnes avec chaque résultat
Percentile par nombre de réponses
Votre historique - résultats
Vous n’avez pas pris ce quiz